000 00556nam a2200181Ia 4500
005 20250508154933.0
008 008 250505s9999 xx 000 0 eng d
037 _aBooks to be hide in OPAC
040 _aFEDL
_beng
_cFEDL
041 _aeng
_2eng
084 _a328.3412, IND/O
_qFEDL
245 0 _aCompilation of the delegation of financial power rules, 1958 (With government of India decisions)
245 0 _cMinistry of of Finance
250 _a2nd
300 _a29p.
942 _cHB
_h328.3412, IND/O
999 _c1352974
_d1352974